| 000 | 00795nab a2200229u 4500 | ||
|---|---|---|---|
| 001 | 21300 | ||
| 003 | HDC | ||
| 007 | c| |||a|c|aaaa | ||
| 008 | 210306b20091128my ||||o |||| 00| 0 eng d | ||
| 040 | _aHDC | ||
| 100 |
_aRahmat bin Haji Abdul Rahman / _eauthor _918895 |
||
| 245 | 0 |
_aChina's Halal food makes headway in Brunei / _cRahmat bin Haji Abdul Rahman |
|
| 336 |
_atext _2rdacontent |
||
| 337 |
_acomputer _2rdamedia |
||
| 338 |
_aonline resource _2rdacarrier |
||
| 650 |
_aHaoyue Halal Meat Company _918896 |
||
| 650 |
_amass slaughtering _918897 |
||
| 856 | _zRequest full-text at [email protected] | ||
| 942 | _2lcc | ||
| 942 | _cNEWS | ||
| 942 | _kNWS0 004936 | ||
| 999 |
_c18616 _d18616 |
||